|
|
|
|
| LEADER |
00000nab a2200000 a 4500 |
| 001 |
vtls000190983 |
| 003 |
SK-MaSNL |
| 005 |
20260305030347.0 |
| 008 |
250422c1984 xo 0 slo |
| 015 |
|
|
|a SNBRB19rr/mm-uuuuu
|
| 035 |
|
|
|a CL0201096
|
| 035 |
|
|
|a urn:nbn:sk:snk-ab7k4s
|
| 035 |
|
|
|a (urnnbn)urn:nbn:sk:snk:ar-005zpr
|
| 035 |
|
|
|a (uuid)df0fb280-ed99-459d-b361-adeb03f96dc0
|
| 040 |
|
|
|a SNKBUCL
|b slo
|c SNKBUCL
|e AACR2
|
| 041 |
0 |
|
|a cze
|
| 044 |
|
|
|a xo
|c SK
|
| 080 |
|
|
|a 66:69
|2 1981
|
| 080 |
|
|
|a 69
|2 1981
|
| 100 |
1 |
|
|a Kanclíř, Edmund
|4 aut
|9 1129572
|
| 245 |
1 |
0 |
|a Chemie ve stavebnictví
|c E. Kanclíř
|
| 650 |
0 |
7 |
|a chémia
|2 snkbucl
|9 749
|
| 650 |
0 |
7 |
|a stavebníctvo
|2 snkbucl
|9 726
|
| 655 |
|
7 |
|a články z novín a časopisov
|2 snkbucl
|9 267496
|
| 773 |
0 |
|
|t Chemické zvesti
|g Roč. 38, č. 2 (1984), s. 285
|
| 787 |
0 |
8 |
|i Rec.:
|a Henning, O.
|t Chemie ve stavebnictví
|d Praha, Bratislava : Nakladatelství technické literatury, Vydavateľstvo Alfa, 1983
|
| 787 |
0 |
8 |
|i Rec.:
|a Lach, V.
|t Chemie ve stavebnictví
|d Praha, Bratislava : Nakladatelství technické literatury, Vydavateľstvo Alfa, 1983
|
| 850 |
|
|
|a Slovenská národná knižnica
|
| 852 |
|
|
|a Slovenská národná knižnica
|
| 954 |
|
|
|a odborná, vedecká literatúra pôvodná (slovenská)
|2 lita
|
| 958 |
|
|
|a article7
|
| 958 |
|
|
|a OND
|
| 958 |
|
|
|a RK
|
| 958 |
|
|
|a CZ
|
| 958 |
|
|
|a EUIPO
|
| 992 |
|
|
|a RBX
|
| 999 |
|
|
|c 3311039
|d 3312969
|